=LDR 00000nam 2200000 4500 =001 INLIS000000000013572 =005 20220425113518 =035 ##$$a 0010-061300000013572 =008 220425################g##########0#ind## =041 ##$$a Ind =082 ##$$a 817 =090 ##$$a 817, Sud k =100 ##$$a Sudarmo, Darminto M. =245 1#$$a kumpulan cerita humor cina dan indonesia /$c Darminto M. Sudarmo =260 ##$$a Jakarta :$b Kombat Publishers,$c 2004 =300 ##$$a v, 343 hlm. : $b ilus. ; $c 11x18 cm. =650 #4$$a Humor =850 ##$$a NBPNMAT =020 ##$$a 979-3468-07-6 =084 ##$$a 817 SUD k =990 ##$$a 10407963